000 00849nam a2200253 i 4500
001 bg
100 1 _aPYŁKA-GUTOWSKA, Ewa.
245 1 0 _aEkologia z ochroną środowiska :
_bprzewodnik /
_cEwa Pyłka-Gutowska.
250 _a[Wyd. 3 popr.].
260 _aWarszawa :
_b"Oświata",
_c1998.
300 _a280 s. :
_bmapy, rys., wykr. ;
_c21 cm.
504 _aBibliogr. s. 278-280, przepisy prawne przy rozdz.
521 _aDla uczniów lic. ogólnokształących i szkół zawodowych specjalizujących się w ochronie środowiska.
650 9 _aEkologia
650 9 _aŚrodowisko człowieka
_xhigiena i ochrona
655 _aMateriały pomocnicze dla szkół
020 _a8385394656
040 _cBPK
041 0 _apl
080 _a504+574](075.3)
920 _a83-85394-65-6
942 _cKS
008 s pl f |000 0 pol
999 _c34176
_d34176
856 _uhttp://koha.tu.koszalin.pl/cgi-bin/koha/opac-detail.pl?biblionumber=34176
_yKatalog online BPK